[Event "EU-chT (Men) 11th"]
[Site "Pula"]
[Date "1997.05.??"]
[Round "6.1"]
[White "Ftacnik, Lubomir"]
[Black "Vaisser, Anatoli"]
[Result "1-0"]
[WhiteElo "2595"]
[BlackElo "2580"]
[Annotator "Ftacnik,L"]
[PlyCount "121"]
[EventDate "1997.05.05"]
[EventType "team-swiss"]
[EventRounds "9"]
[EventCountry "CRO"]
[SourceTitle "CBM 057 Extra"]
[Source "ChessBase"]
[SourceDate "1997.05.01"]
[SourceVersion "1"]
[SourceVersionDate "1997.05.01"]
[SourceQuality "1"]
[WhiteTeam "Slovakia"]
[BlackTeam "France"]
[WhiteTeamCountry "SVK"]
[BlackTeamCountry "FRA"]

1. c4 {Hecht Ribli} e6 2. Nf3 d5 3. g3 Nf6 4. d4 dxc4 5. Bg2 c5 6. O-O Nc6 7.
Ne5 Bd7 (7... Nxd4 $2 {Ribli} 8. e3 Nf5 9. Qxd8+ Kxd8 10. Nxf7+) 8. Na3 {
Das ist im Jahr 1997 in Mode! Kasparov spielte diesen Zug das erste Mal gegen
Andersson vor zwölf Jahren. Kasparov,G-Andersson,U/Belgrade/1985/.} cxd4 9.
Naxc4 {Weiß opfert einen Bauern, aber der Bauer d4 ist nicht besonders stark,
und Weiss hat großen Entwicklungsvorsprung. Ribli.} Rc8 {Der Partiezug und 9...
Bc5 sind die Hauptmöglichkeiten. Aber ich möchte bemerken, daß der zuerst vom
ungarische GM Karolyi gespielte Zug 9...Nxe5 10.Nxe5 Qb6 (Barczay,L-Karolyi,T/
Debrecen 1987) eine spielbare Alternative für Schwarz darstellt. Ribli.} (9...
Bc5 {Ribli} 10. Qb3 O-O {"He won't dare take the pawn against Deep Blue". This
was the general consensus in the commentary hall... [#]} 11. Qxb7 $5 Nxe5 12.
Nxe5 Rb8 13. Qf3 Nd5 (13... Bd6 {This is all still theory, and it was
completely amazing to find out, after the match, that Deep Blue had found
every move by pure calculation.} 14. Nc6 {This is a new move introduced by
Kasparov, who didn't like...} (14. Nxd7 Qxd7 15. Bg5 Be5 $1 16. Rab1 h6 17. Bf4
Bxf4 18. Qxf4 Rfe8 $1 {1/2-1/2 Vaganian,R-Serper,G/Luzern 1993 (33)}) (14. Nc4
Bb5 $1 $10) 14... Bxc6 15. Qxc6 e5 16. Rb1 {White has the advantage of the
bishop pair and controls the light squares. The latter concept, easily
understandable to humans, seems beyond the scope of computers, as we shall see
in other games in this match.} (16. b3 $6 {allows Black to use c3 to penetrate
White's position , as any Grunfeld expert knows.}) 16... Rb6 17. Qa4 Qb8 18.
Bg5 Be7 19. b4 $1 {Kasparov,G-Comp Deep Blue/Philadelphia m 1996/1-0 (73)}) 14.
Bg5 $1 f6 15. Qg4 $3 h5 16. Qh3 fxg5 17. Bxd5 g4 18. Qg2 $16 {+/- Sulava,
N-Dizdarevic,E/Cattolica 1993}) 10. Bf4 (10. Qb3 {Ribli} Nxe5 11. Nxe5 Bd6 $5
12. Bf4 Bc6 13. Bxc6+ bxc6 14. Qa4 Qc7 15. Qxd4 {Beliavsky,A-Yusupov,A/Belfort
1988/1-0 (60)}) 10... Nd5 (10... Bc5 {Ribli} 11. Nd3 {[%csl Rd6]} Be7 12. Nd6+
$14 (12. Nd6+ Bxd6 13. Bxd6 Qb6 14. Rc1 Nd5 15. Qd2 f6 16. Nc5 {1-0
Mastrokoukos,G-Inkiov,V/Iraklio SHEV 1994 (60)})) (10... b5 {Ribli} 11. Nxc6
Bxc6 12. Bxc6+ Rxc6 13. Ne5 Rc5 14. Rc1 Qd5 15. Qd3 a6 16. b4 {Lalic,B-Sonntag,
H/Bad Woerishofen op 1989/1-0 (57)}) (10... Be7 {Ribli} 11. Qb3 Nd5 12. Qxb7
Nxe5 13. Nxe5 Nxf4 14. gxf4 Rc7 15. Qe4 Bc5 {1/2-1/2 Garcia Carbo,M-Formanek,E/
Castellar op 1995 (28)}) 11. Nxc6 $1 $146 (11. Nxd7 Qxd7 (11... Nxf4 12. Bxc6
$1 bxc6 $8 13. Nxf8 Qd5 $5 (13... Nh3+ 14. Kg2 Qd5+ 15. e4 $1 Qxc4 16. Rc1 Qb4
$8 17. Nxe6 $1 fxe6 18. Qh5+ $16) 14. gxf4 Qxc4 15. Rc1 Qd5 16. Qa4 g5 $5 (
16... Rxf8 17. Rfd1 $16) (16... Kxf8 17. Rfd1 c5 18. Rxd4 $16) 17. f5 $1 exf5
18. Rfd1 Kxf8 19. Rxd4 Qe6 20. Rc5 (20. Rdc4 $5) (20. Qxa7 $5) 20... Kg7 21.
Qa5 h6 22. Rxf5 $16 {Ljubojevic,Lj-Yusupov,A/Belfort/1988/1/2-1/2 (73)}) 12.
Ne5 Qd8 13. Nxc6 bxc6 14. Qxd4 Nxf4 15. Qxf4 Be7 16. Qa4 Qb6 17. Rac1 O-O 18.
Rxc6 Rxc6 19. Bxc6 g6 20. Bf3 Rd8 21. Qc2 Bf6 22. Rb1 {1/2-1/2 Roth,T-Stanke,J/
Hamburg-ch/1990 (41)}) 11... Bxc6 12. Qxd4 Nxf4 (12... Bb5 13. Rac1 Nxf4 14.
Qxf4 Rxc4 15. Rxc4 Bd6 16. Rd1 Bxf4 17. Rxd8+ Kxd8 18. Rxf4 $14) (12... f6 13.
Rfd1 e5 (13... b5 14. Ne3 e5 15. Qe4 $18) 14. Bxe5 $18) 13. Qxf4 $1 (13. Bxc6+
Rxc6 14. Qxf4 Qc7 15. Qxc7 (15. Ne5 $2 Bd6) 15... Rxc7 16. Rac1 Bc5 $11) (13.
Qxd8+ $2 {Ribli} Kxd8 14. Rfd1+ (14. gxf4 Bxg2 $19) (14. Bxc6 Nxe2+ $19) 14...
Bd5 $19) 13... Bxg2 14. Kxg2 Bc5 (14... Qd5+ 15. e4 Qb5 $5 (15... Qxc4 16. Rac1
$18) 16. Rfd1 Be7 17. Nd6+ Bxd6 18. Qxd6 Qc6 19. Qd4 (19. Qxc6+ Rxc6 20. Rac1
Rxc1 21. Rxc1 Kd7 $11) 19... O-O 20. Rac1 Qxc1 21. Rxc1 Rxc1 22. Qxa7 $14) (
14... Qc7 15. Ne5 Bd6 16. Rac1 $18) (14... Be7 15. Rad1 (15. Rfd1 $1 Qc7 16.
Ne5 O-O 17. Rd7 (17. Rac1 Qb8 18. Rxc8 Qxc8 $11) 17... Qc5 18. Rxb7 Qd5+ (18...
Bd6 19. Nd3 Bxf4 20. Nxc5 Rxc5 21. gxf4 Rc2 22. Kf3 $16) 19. Qf3 Qxe5 20. Rxe7
Qxb2 21. Rd1 $18 Qxa2 22. Rdd7 Qa4 23. Rxa7 Qc6 24. Rxf7 $16) 15... Qc7 16. Ne5
O-O (16... f6 17. Rc1 $18) 17. Rd7 Qc5 18. Rxb7 Bd6 (18... Qd5+ 19. Qf3 Qxe5
20. Rxe7 Qxb2 21. Rxa7 $16) (18... Bg5 19. Nd3 Bxf4 20. Nxc5 Rxc5 21. gxf4 $16)
19. Nd3 Qd5+ 20. Qf3 Qxa2 $11) 15. Rad1 {Es ist interessant, daß Schwarz trotz
des reduzierten Materials schwere Probleme hat. Weiß hat aufgrund des
aktiveren Figurenspiels eindeutigen Eröffnugsvorteil. Ob aber großer weißer
Vorteil oder remis, hängt von einem Tempo ab. Ribli.} Qf6 {Jetzt können wir
verstehen, warum Ftacnik 15.Rad1 anstatt des "natürlichen "15.Rfd1 spielte.
Der Bauer ist gedeckt, und Weiß kann seine aktive Dame auf dem Brett halten,
er muß sie nicht tauschen. Ribli.} (15... Qc7 {Ribli} 16. Ne5 O-O (16... Bd6
17. Rc1 Bxe5 18. Qa4+ $18) 17. Rd7 {[%csl Rf7]}) (15... Qe7 {Ribli} 16. Ne5 {
[%csl Rd7]}) 16. Qe4 {Schwarz hat große Entwicklungsprobleme, und Schwächen am
Damenflügel. Ribli.} (16. Nd6+ Bxd6 17. Qxd6 Qe7 18. Qd4 O-O $11) 16... b6 $1 (
16... O-O 17. Qxb7 Bd4 18. b3 $16) 17. Ne5 (17. b4 Bxb4 $5 18. Nxb6 axb6 19.
Qxb4 Qc3 (19... Qe5 20. Qxb6 O-O $14) 20. Qxb6 Qc6+ 21. Qxc6+ Rxc6 $14) 17...
O-O {Schwarz opfert die Qualität. Er hat kein aktives Gegenspiel, aber
technisch ist es nicht so leicht für Weiß, seinen Vorteil zu verwerten. Ribli.}
18. Nd7 (18. b4 Bxb4 $1 (18... Be7 19. Nd7 Qb2 20. Nxf8 Bxf8 21. Rd7 $16) 19.
Nd7 Qe7 20. Nxf8 Rxf8 $14) 18... Qxb2 19. Nxf8 Rxf8 (19... Bxf8 20. Rd7 Qxa2
21. Qb7 Rc3 22. Qa8 Qc4 23. Qe8 e5 24. Rxa7 $16) 20. Qc4 g6 21. Rd7 a5 (21...
Qa3 22. Rfd1 $16) 22. Rfd1 Qf6 (22... Kg7 $2 23. Qxe6 $18) 23. Qf4 $6 {
Natürlich würde der Damentausch die weiße Aufgabe erleichtern. Ribli.} (23. e3
Kg7 24. a4 $16) 23... Qb2 (23... Qxf4 $5 24. gxf4 a4 25. Ra7 a3 26. Rdd7 Kg7
27. e4 $16) 24. R1d2 Qc3 25. R7d3 Qa1 (25... Qb4 26. Qe5 $16) 26. Rd8 {Endlich
tauscht Weiß die Türme. Das schwächt den schwarzen Königsflügel spürbar. Ribli.
} Kg7 27. Rxf8 (27. R2d7 Qf6 $8 28. Qxf6+ Kxf6 29. Rxf8 Bxf8 30. f4 a4 $1 $16)
27... Bxf8 28. Rd8 Bc5 (28... Qxa2 29. Rd7 e5 30. Qxe5+ $16) 29. a4 {Weiß
blockuert die Bauern am Damenflügel. Obwohl Schwarz einen guten Läufer auf c5
besitzt, hat er kein Gegenspiel. Er kann nur warten.} h5 (29... e5 $6 30. Qe4
$16) 30. h3 (30. h4 $6 {Ribli Den Bauer auf h4 festzulegen, wenn der Gegner
einen schwarzfeldrigen Läufer hat, wäre weniger logisch. Ribli.}) 30... Qb2 31.
e3 {Schrit für Schrit geht Weiß vorwärts. Mit diesem Zug schränkt er den
Läufer auf c5 ein. Ribli.} (31. g4 $5 e5 (31... Qxe2 $2 32. Rd7 $18) (31...
hxg4 32. hxg4 Be7 33. Rd7 Qf6 34. Qxf6+ Bxf6 35. Rd6 $18) 32. Qe4 $1 hxg4 33.
hxg4 $16) 31... Be7 $1 (31... b5 $2 {Ribli} 32. Rd7 $18) 32. Rd7 (32. Rb8 $5
Bc5 33. g4 hxg4 34. hxg4 e5 35. Qe4 $16) 32... Qf6 (32... Bf6 {Ribli} 33. Qc7 {
[%csl Rf7]}) 33. Qxf6+ Kxf6 {Hecht: Nach Abtausch dreier Bauern am
Königsflügel verschafft sich Weiß mittels Zugzwang Zugang zur schwarzen
Stellung} (33... Bxf6 {Ribli} 34. Rd6 $18 {[%csl Rb6]}) 34. f4 {Weiß hat
klaren Endspielvorteil. Ich möchte erwähnen, daß ohne die Bauern am
Damenflügel - obwohl Schwarz dort zwei gegen eins hat - das Endspiel nicht so
leicht für Weiß zu gewinnen wäre. Ribli.} Bc5 35. Kf3 Kg7 (35... e5 36. fxe5+
Ke6 37. Rb7 g5 38. Ke4 $18) 36. e4 {Weiß aktiviert alle seine Kräfte so gut es
geht. Ribli.} Kf8 37. e5 {A model endgame with lot of interesting contents.
Ein lehrhaftes Endpiel mit noch viel interessantem Inhalt.} (37. g4 hxg4+ 38.
hxg4 Kg7 39. Ke2 Kf8 40. Kd3 Kg7 41. Rb7 Kf6 42. Kc4 Be3 43. Kb5 Bxf4 44. Kxb6
Bd2 $132) 37... Kg7 38. Ke4 Kf8 39. g4 hxg4 40. hxg4 Ke8 (40... g5 41. f5 $1
Ke8 42. Rb7 Kf8 43. f6 Kg8 44. Rb8+ Kh7 45. Kd3 Bf2 46. Rf8 Kg6 47. Rg8+ Kh6
48. Rg7 $18) 41. Rb7 {Der Turm steht sehr gut auf b7. Er kontrolliert f7 und
gleichzeitig b6. Ribli.} Kf8 42. f5 (42. Kd3 Ke8 43. Kc4 Be3 44. Kb5 Bxf4 45.
Kxb6 Bd2 (45... Bxe5 46. Kxa5 f5 47. gxf5 exf5 48. Kb5 $16) 46. Rb8+ Ke7 47.
Ra8 f5 $1 $132) 42... gxf5+ 43. gxf5 exf5+ (43... Ke8 {Ribli}) 44. Kxf5 Bf2 $1
{einziger Zug, um Kf6 zu verhindern.} (44... Ke8 45. Kf6 $18) 45. Ra7 (45. Kf6
Bh4+) 45... Be1 46. Ra8+ (46. Ra6 $1) 46... Kg7 (46... Ke7 47. Ra6 Bf2 48. Ra7+
Kf8 49. Ra8+ Ke7 50. Rb8 $18) 47. Ra7 Kf8 48. Ra6 $1 Bf2 49. Ra8+ Ke7 (49...
Kg7 50. Rb8 {Schwarz wird gezwungen einen Läuferzug nach h4 zu machen. Dann
kann er nicht mehr den Bauern auf b6 decken. Ribli.} Bc5 (50... Be3 {Ribli} 51.
Rb7 {[%cal Gb7g7,Re5e6]} Kf8 52. Kf6 $18 {[%csl Rf7]}) (50... Kh7 51. Kf6 $18)
(50... Bd4 {Hecht} 51. Rb7 {[%cal Re5e6]} Kf8 52. Kf6 Ke8 53. Re7+ $18) 51. Rb7
Kf8 52. Kf6 $18) 50. Rb8 {Hecht: Zugzwang! Der wK gelangt nach f6...} Kd7 51.
Kf6 Bd4 (51... Kc7 52. Rf8 $18) 52. Rb7+ Kc6 53. Rxf7 b5 {Schwarz hat den
folgenden Plan: Für den weißen e-Bauern will er den Läufer geben, und mit dem
aktivem a-Bauern gegen den Turm um Remis kämpfen. Leider fehlen Schwarz ein
paar Tempi, um mit diesem Plan Erfolg zu haben. Ribli.} 54. axb5+ Kxb5 55. Rd7
$1 (55. Ke6 a4 56. Kd5 Bxe5 57. Kxe5 Kc4 $11 58. Ra7 Kb3 59. Kd4 a3 60. Kd3 Kb2
61. Rb7+ Kc1 $11) 55... Bc3 (55... Bf2 56. e6 a4 57. Ke5 Bh4 58. Kd4 $1 (58. e7
$2 Bxe7 59. Rxe7 Kc4 $11) 58... Bf6+ 59. Kd3 Kc6 60. Kc4 $18) (55... Bc5 56. e6
a4 57. Rd5 $1 a3 58. e7 a2 59. e8=Q+ $18) 56. Kf5 Bb4 57. e6 Bf8 (57... Kc6 58.
Ra7 Kb6 59. e7 $18) (57... a4 {Ribli} 58. Rb7+ Kc4 59. Rxb4+ Kxb4 60. e7 $18)
58. e7 Bxe7 59. Rxe7 a4 60. Ra7 Kb4 61. Ke4 (61. Ke4 Kb3 62. Kd3 a3 63. Rb7+
$18 (63. Rb7+ {Ribli} Ka2 64. Kc2 Ka1 65. Rb1+ Ka2 66. Rb3 Ka1 67. Rxa3#)) 1-0

[Event "EU-chT (Men) 12th"]
[Site "Batumi"]
[Date "1999.11.30"]
[Round "2.1"]
[White "Filippov, Valerij"]
[Black "Short, Nigel D"]
[Result "1-0"]
[WhiteElo "2605"]
[BlackElo "2675"]
[Annotator "Ftacnik,L"]
[PlyCount "43"]
[EventDate "1999.11.06"]
[EventType "team-swiss"]
[EventRounds "9"]
[EventCountry "GEO"]
[SourceTitle "CBM 074"]
[Source "ChessBase"]
[SourceDate "2000.02.01"]
[SourceVersion "1"]
[SourceVersionDate "2000.02.01"]
[SourceQuality "1"]
[WhiteTeam "Russia"]
[BlackTeam "England"]
[WhiteTeamCountry "RUS"]
[BlackTeamCountry "ENG"]

1. Nf3 d5 2. d4 Nf6 3. c4 e6 4. g3 dxc4 5. Bg2 Nc6 6. Qa4 Nd7 7. Qxc4 Nb6 8.
Qd3 e5 9. Be3 $5 {[%mdl 4] This logical novelty hopes to support white's
development.} exd4 (9... Nb4 10. Qb5+ Nd7 (10... Bd7 11. Qxe5+ Be7 12. Na3 O-O
13. O-O N6d5 14. Bd2 Re8 15. Bxb4 Nxb4 16. Qf4 Be6 17. Nb5 Nd5 {1/2-1/2
Horvath,J-Rabiega,R/AUT-chT9596/1996/ (30)}) 11. Qa4 exd4 12. Nxd4 c6 13. Nc3
Nb6 14. Qb3 c5 15. Ndb5 Be6 16. Qd1 Bf5 17. O-O a6 18. Qxd8+ Rxd8 19. Nc7+ Kd7
20. N7d5 N4xd5 21. Nxd5 {1-0 Raetsky,A-Ivanov,A/Simferopol/1989/ (24)}) (9...
Bb4+ 10. Nc3 exd4 11. Nxd4 Nxd4 12. Bxd4 (12. Qxd4 Qxd4 13. Bxd4 O-O 14. a3 Be7
15. Nb5 c5 16. Bc3 Bd7 17. Nc7 Rac8 18. Nd5 Nxd5 19. Bxd5 Bc6 20. O-O-O Rfd8 {
1/2-1/2 Flear,G-Lalic,B/Hastings/1996/ (27)}) 12... O-O 13. a3 Be7 14. O-O-O c6
15. Qc2 Qe8 16. Na4 Nxa4 17. Qxa4 Be6 18. Kb1 Qc8 19. Bc3 a5 20. Rc1 Re8 21.
Bd4 Qc7 22. Qc2 a4 {0-1 Robledo,N-Rodriguez,J/Buenos Aires/1992/ (53)}) 10.
Nxd4 Nb4 11. Qe4+ Be7 12. Nc3 (12. a3 N4d5 13. Bg5 c6 14. O-O h6 15. Bxe7 Qxe7
16. Qxe7+ Kxe7 17. e4 Nc7 18. Nc3 Rd8 19. Rfd1 Be6 {1/2-1/2 Ilincic,Z-Illescas
Cordoba,M/Batumi/1999/(38)}) 12... Nc4 13. Rd1 $1 {The key move of the white's
plan, suddenly black queen feels uncomfortable on her natural square.} Nd6 (
13... Nxe3 14. fxe3 (14. Qxe3 $2 c5 $1 $19) 14... O-O 15. a3 Na6 16. Nc6 bxc6
17. Rxd8 Bxd8 18. b4 $18) 14. Qb1 O-O 15. O-O (15. a3 Na6 16. Ndb5 Qe8 17. Nxa7
Bf5 18. Qc1 c6 $13) 15... Qe8 16. Bf4 (16. a3 Na6 17. Bf4 c5 18. Nc6 $16) 16...
Bd7 $2 {In an endangered position black has no right to play clumsily, now
white pieces will do a real demage.} (16... c5 17. Nc2 Nxc2 18. Qxc2 Nb5 $14)
17. a3 Nc6 (17... Na6 18. Bxd6 Bxd6 19. Bxb7 $18) 18. Ndb5 Rc8 (18... Nxb5 19.
Nxb5 Bd8 20. Nxc7 Bxc7 21. Bxc7 $16) 19. Nxc7 $1 Rxc7 (19... Qd8 20. Bxd6 Bxd6
21. Rxd6 Qxc7 22. Nb5 Qa5 23. Nxa7 $18) 20. Nd5 $1 (20. Bxd6 Bxd6 21. Rxd6 $16)
20... Bf5 $6 (20... Rc8 21. Nxe7+ Nxe7 22. Bxd6 $16) 21. Nxc7 Qc8 (21... Bxb1
22. Nxe8 Rxe8 23. Rxb1 $18) 22. e4 1-0

[Event "Dortmund SuperGM"]
[Site "Dortmund"]
[Date "2000.07.08"]
[Round "2"]
[White "Bareev, Evgeny"]
[Black "Adams, Michael"]
[Result "1/2-1/2"]
[WhiteElo "2702"]
[BlackElo "2755"]
[Annotator "Ftacnik,L"]
[PlyCount "53"]
[EventDate "2000.07.07"]
[EventType "tourn"]
[EventRounds "9"]
[EventCountry "GER"]
[EventCategory "17"]
[SourceTitle "CBM 078"]
[Source "ChessBase"]
[SourceDate "2000.10.18"]
[SourceVersion "1"]
[SourceVersionDate "2000.10.18"]
[SourceQuality "1"]

1. d4 Nf6 2. c4 e6 3. g3 d5 4. Nf3 dxc4 5. Bg2 Nc6 6. Qa4 Bb4+ 7. Bd2 Nd5 8.
Bxb4 Ndxb4 9. a3 b5 10. Qxb5 Nc2+ 11. Kd2 Nxa1 12. Qxc6+ Bd7 13. Qxc4 c5 14.
Qa2 (14. Nc3 cxd4 15. Nxd4 Rc8 16. Qd3 e5 $15) 14... Qa5+ 15. Nc3 (15. b4 cxb4
16. Qxa1 Rc8 17. Ne5 (17. Rc1 O-O 18. Ne5 Rxc1 19. Kxc1 Rc8+ 20. Kd2 bxa3+ 21.
Ke3 a2 {0-1 Sund,J-Pedersen,D/Logumkloster/1994/ (25)}) 17... Bb5 (17... Ba4
18. Be4 f6 19. Nf3 b3+ 20. Nc3 Kf7 21. Rc1 Bc6 22. Bxc6 Rxc6 23. Qb2 Rb8 {
1/2-1/2 Delchev,A-Dimitrov,V/Bankia/1992/ (28)}) 18. a4 $5 (18. Ke3 $2 Rc2 19.
Bf3 O-O 20. a4 f6 21. Nd3 Bc4 22. Nd2 Qg5+ $2 (22... Bxd3 23. exd3 Qg5+ $19)
23. Nf4 e5 $1 24. Nxc4 exf4+ 25. gxf4 Qf5 $1 {0-1 Ivanchuk,V-Kortschnoj,V/
Tilburg/1989/ (26)}) (18. Be4 O-O 19. Ke3 f6 20. Nd3 f5 21. Bf3 Bxd3 22. Kxd3
Qa4 23. Qb2 bxa3 24. Qxa3 Qc4+ 25. Ke3 e5 26. Qd6 Qb3+ {0-1 Raetsky,A-Pushkov,
N/Podolsk/1992/ (26)}) (18. Nd3 Bxd3 19. Kxd3 O-O 20. Qb2 bxa3 21. Qxa3 Qb5+
22. Kd2 Rfd8 23. e3 Qf5 24. Ke2 Rc2+ 25. Nd2 Rxd2+ 26. Kxd2 Qxf2+ 27. Kd3 Qxg2
{0-1 Polovodin,I-Ivanov,S/St Petersburg/1992/ (29)}) 18... O-O 19. Nd3 (19. Qb2
$5) (19. Be4 Rfd8 (19... f6 20. Nd3 f5 21. Bf3 b3+ 22. Nc3 Bxd3 23. exd3 f4 24.
g4 Qb4 {0-1 Kaidanov,G-Goldin,A/Philadelphia/1998/ (44)}) 20. Ke3 f6 21. Nf3 f5
22. Bd3 Bxd3 23. exd3 Qd5 24. Nbd2 Rc3 25. Qb1 {1/2-1/2 Dizdarevic,E-Mitkov,N/
Kladovo/1991/ (45)}) 19... Bxd3 20. Kxd3 $1 Qf5+ 21. Ke3 Rc2 22. f4 $14 {
/\ Bf3, Kf2}) 15... cxd4 (15... Rd8 16. Qxa1 cxd4 17. Nxd4 e5 18. Nb3 Qb6 19.
Kc2 O-O 20. Nd2 Bf5+ 21. Nde4 Rb8 22. Rd1 Qxf2 23. Rf1 Qxg2 24. Rxf5 {1-0
Meins,G-Meijere,A/Baunatal/1999/ (63)}) 16. Nxd4 Rd8 17. Rxa1 (17. b4 $6 Qb6
18. e3 Bc6 $1 19. Bxc6+ Qxc6 20. Rxa1 e5 21. Kc2 (21. Nce2 exd4 22. Nxd4 Qg2
$17) 21... exd4 22. exd4 Rxd4 23. Re1+ Kf8 24. b5 Qc5 25. Qb2 h5 $1 26. Kb1 Rh6
{0-1 Gasimov,R-Doroshkievich,V/St Petersburg/1994/ (38)}) 17... e5 {[%mdl 4]
Black can afford to invest the material, since white king is awkwardly sitting
on the exposed square d2.} (17... Qb6 18. e3 e5 19. Nd5 $1) 18. b4 (18. Nb3 Qb6
19. Kc2 Be6 (19... Qxf2 20. Be4 Rc8 $40) 20. Rd1 Qxf2 $17) 18... Qb6 19. Nc2
Qxf2 (19... Be6+ 20. Bd5 Qxf2 $44) 20. Ne3 Be6+ 21. Ncd5 (21. Bd5 Qxh2 22. Qc4
O-O $13) 21... O-O 22. Qc4 Bxd5 23. Bxd5 Qxh2 24. Qh4 (24. Qg4 $5 Qh6 25. Qf3
Kh8 26. Rh1 Qg6 $14) 24... Qf2 {Black can certainly not afford to opt for an
endgame, since his main chance lays in the shaky position of the white king.} (
24... Qxh4 $2 25. gxh4 Rd7 26. Kd3 Kh8 27. Ke4 $1 f5+ 28. Nxf5 Rxf5 29. Kxf5
Rxd5 30. Rc1 $18) 25. Rh1 h6 26. Rh2 (26. Qg4 Kh8 27. Rh5 f5 $1 28. Qh4 Rd6 $13
) 26... Qg1 27. Rh1 1/2-1/2

[Event "WchT 4th"]
[Site "Luzern"]
[Date "1997.11.02"]
[Round "9.4"]
[White "Dizdar, Goran"]
[Black "Novikov, Igor A"]
[Result "1/2-1/2"]
[WhiteElo "2545"]
[BlackElo "2590"]
[Annotator "Ftacnik,L"]
[PlyCount "57"]
[EventDate "1997.10.25"]
[EventType "team-tourn"]
[EventRounds "9"]
[EventCountry "SUI"]
[SourceTitle "CBM 062"]
[Source "ChessBase"]
[SourceDate "1998.01.31"]
[SourceVersion "1"]
[SourceVersionDate "1998.01.31"]
[SourceQuality "1"]
[WhiteTeam "Croatia"]
[BlackTeam "Ukraine"]
[WhiteTeamCountry "CRO"]
[BlackTeamCountry "UKR"]

1. d4 d5 2. c4 e6 3. Nf3 Nf6 4. g3 dxc4 5. Bg2 a6 6. Ne5 c5 7. Na3 cxd4 8.
Naxc4 Ra7 9. Bd2 b6 10. Qb3 Bb7 11. Bxb7 Rxb7 12. Na5 Ra7 (12... Rc7 13. Qxb6
Bc5 14. Qb3 O-O 15. O-O Qd5 16. Qxd5 (16. Nf3 Nbd7 17. Qxd5 Nxd5 18. Rfc1 Rfc8
19. Nb3 e5 20. Nxc5 Rxc5 21. Kf1 Rxc1+ 22. Rxc1 Rxc1+ 23. Bxc1 f6 {1/2-1/2
Sveshnikov,E-Chernin,A/URS-FL49 1981/ (27)}) 16... Nxd5 17. Rfc1 Rfc8 18. Nd3
Bb6 19. Rxc7 Rxc7 20. Rc1 Rxc1+ 21. Nxc1 Kf8 22. Nc4 Ba7 23. Nd3 Ke7 {
Bykhovsky,A-Kaidanov,G/URS-ch sf 1983/1/2-1/2 (55)}) (12... Re7 13. Nac6 Nxc6
14. Nxc6 Qa8 15. Rc1 Rc7 16. Qxb6 Nd5 17. Qb8+ Qxb8 18. Nxb8 Rxc1+ 19. Bxc1 Bd6
20. Nxa6 Kd7 21. b4 Rc8 22. Kd2 Ra8 23. b5 Nc3 24. a4 Nxa4 {0-1 Rashkovsky,
N-Petrosian,A/Erevan 1984/ (39)}) 13. O-O (13. Nac6 Nxc6 14. Nxc6 Qa8 15. Rc1
Bc5 16. Qf3 (16. O-O Qxc6 17. Rxc5 Qxc5 18. Rc1 Qb5 19. Rc8+ Kd7 20. Rxh8 Qxb3
21. axb3 Rc7 $17) 16... Rc7 17. Nxd4 O-O $15) 13... Ne4 $1 {Fine moment, since
the greedy capture on a5 would cost black too dearly. Ein guter Zug, während
das sorglose Fressen auf a5 Schwarz teuer zu stehen käme.} (13... bxa5 $2 14.
Bxa5 Qc8 (14... Qxa5 $2 15. Qxb8+ Qd8 16. Qxa7 $18) 15. Rac1 Qb7 16. Qb6 Qxb6
17. Rc8+ Ke7 18. Bxb6 Kd6 19. Bxa7 $18) 14. Qa4+ b5 (14... Ke7 $2 15. Nac6+ $18
) (14... Nd7 15. Nac6 Ndc5 16. Qc2 $16) 15. Qc2 Nxd2 (15... d3 16. Nxd3 Rc7 17.
Qd1 Be7 $11) 16. Qxd2 Qd5 17. Nf3 Bc5 (17... e5 18. Rac1 Rd7 19. Rc8+ Rd8 20.
Rxd8+ Kxd8 21. Rc1 $44) 18. Nb3 O-O (18... Bb6 $5 19. Nfxd4 Rd7 20. Rfd1 O-O
21. Nf3 Qe4 $15) 19. Nxc5 Qxc5 20. Rfc1 Qd5 (20... Qb6 21. Qxd4 Qxd4 22. Nxd4)
21. Qxd4 Qxd4 22. Nxd4 Rd7 23. Nb3 (23. Nc6 $6 Rd2) 23... Rfd8 24. f3 Kf8 25.
Kf2 Ke8 {Both knights are protecting vital squares -d2 and c6. Beide Springer
verteidigen wichtige Punkte- d2 und c6.} 26. Ke3 Rd5 27. Rc7 Nd7 (27... R5d7
28. Rac1 Rxc7 29. Rxc7 Rd7 30. Rc8+ Rd8 31. Rxd8+ Kxd8 32. Kd4 Kc7 $11) 28. Na5
Nb6 29. Nc6 (29. Nc6 R8d7 30. Rxd7 Kxd7 31. Nb8+ Kd6 32. b3 $11) 1/2-1/2